First countries to legalize abortion on request - Statistics

General Stats
  • This quiz has been taken 115 times
  • The average score is 5 of 10
Answer Stats
Year Country % Correct
1973 United States
88%
1974 Sweden
78%
1975 France
73%
1973 Denmark
71%
1975 Austria
43%
1955 Soviet Union
41%
1965 Cuba
23%
1950 North Korea
15%
1974 Singapore
14%
1973 Tunisia
4%
No matching quizzes found
Score Distribution
Percent of People with Each Score
Percentile by Number Answered
Your Score History
You have not taken this quiz